000 00570nam a2200229Ia 4500
003 OSt
005 20221005123610.0
006 a|||||r|||| 00| 0
007 ta
008 221004b |||||||| |||| 00| 0 eng d
024 _a39414
037 _cTextual
040 _aCRL
_cCRL
_beng
041 _2eng
_aeng
082 _aO:3M56:15, G2
100 _aShaw Bernard
245 0 _aLove among the artists
_b A novel
260 _c1932
650 _aENGLISH LITERATURE
942 _hO:3M56:15, G2
_cTEXL
_2cc
999 _c1047891
_d1047891